000 00749nam a2200265 a 4500
003 AR-BaBNM
005 20251128210431.0
008 082120s2002 ||||||||||||||000 | spa||
020 _a84-7635-112-7
040 _cAR-BaBNM
100 1 _aPorto Dapena, José Alvaro
245 0 0 _aComplementos argumentales del verbo
_bdirecto, indirecto, suplemento y agente
250 _a1ª ed.
260 _aMadrid
_bArco Libros
_c1994
300 _a62 p.
490 0 _aCuadernos de lengua española
_vv. 2
500 _aContiene referencias bibliográficas
650 4 _aGRAMATICA ESTRUCTURAL
650 4 _aSINTAXIS
650 4 _aSEMANTICA
650 4 _aESPAÑOL
800 1 _aGómez Torrego, Leonardo
_edirector
942 _cBK
998 _cMARTIN
999 _c15464
_d15464